Logo CIB grande

MANAGEMENT INFORMATION SYSTEMS: MANAGING THE DIGITAL FIRM (Registro nro. 229333)

Detalles MARC
000 -LEADER
campo de control de longitud fija 00580nam a2200217Ia 4500
005 - FECHA Y HORA DE LA ÚLTIMA TRANSACCIÓN
campo de control 20250425162436.0
008 - DATOS DE LONGITUD FIJA--INFORMACIÓN GENERAL
campo de control de longitud fija 250425s9999 xx 000 0 und d
020 ## - NÚMERO INTERNACIONAL ESTÁNDAR DEL LIBRO
Número Internacional Estándar del Libro 0131538411
041 ## - CÓDIGO DE IDIOMA
Código de lengua del texto/banda sonora o título independiente eng
082 ## - NÚMERO DE LA CLASIFICACIÓN DECIMAL DEWEY
Número de clasificación 658.4038
010 ## - NÚMERO DE CONTROL DE LA BIBLIOTECA DEL CONGRESO
Número de control de LC 74352
100 ## - ENTRADA PRINCIPAL--NOMBRE DE PERSONA
Nombre de persona LAUDON, KENNETH C.
245 #0 - MENCIÓN DEL TÍTULO
Título MANAGEMENT INFORMATION SYSTEMS: MANAGING THE DIGITAL FIRM
250 ## - MENCION DE EDICION
Mención de edición 9TH ED.
260 ## - PUBLICACIÓN, DISTRIBUCIÓN, ETC.
Lugar de publicación, distribución, etc. Estados Unidos
Nombre del editor, distribuidor, etc. PEARSON EDUCATION
Fecha de publicación, distribución, etc. 2006
260 ## - PUBLICACIÓN, DISTRIBUCIÓN, ETC.
Lugar de publicación, distribución, etc. UPPER SADDLE RIVER
300 ## - DESCRIPCIÓN FÍSICA
Extensión 641
500 ## - NOTA GENERAL
Nota general INCLUYE 1 CD ROM
650 ## - PUNTO DE ACCESO ADICIONAL DE MATERIA--TÉRMINO DE MATERIA
Término de materia o nombre geográfico como elemento de entrada SISTEMAS DE INFORMACION DE GESTION
942 ## - ELEMENTOS DE ENTRADA SECUNDARIOS (KOHA)
Tipo de ítem Koha Libros
Existencias
Estatus retirado Estado de pérdida Estado de daño No para préstamo Biblioteca de origen Biblioteca actual Fecha de adquisición Coste, precio normal de compra Total de préstamos Código de barras Copia número Tipo de ítem Koha
        CENTRO DE INFORMACIÓN BIBLIOTECARIA CENTRO DE INFORMACIÓN BIBLIOTECARIA 19/07/2010 166.00   54563 1 Libros
        CENTRO DE INFORMACIÓN BIBLIOTECARIA CENTRO DE INFORMACIÓN BIBLIOTECARIA 19/07/2010 166.00   54564 2 Libros

Copyright 2025 ESPOL. Todos los derechos reservados.